000 00505nam a22001697a 4500
005 20250324142215.0
008 250324b |||||||| |||| 00| 0 eng d
020 _a9789390513840
041 _aEng.
082 _a658.421 DEY
100 _aDey, Ajoy Kumar
245 _aSustainable Entrepreneurship: Innovation and Transformation
260 _aNew Dehli
_bBloomsbury India
_c2020
300 _a290;. P. 24 cm
650 _aSustainable Development; Entrepreneurship-Environmental Aspects
942 _cBK
999 _c43363
_d43363